Yhdistä lääkäreiden erikoisalat - Statistics

Yleistilastot
  • Tätä visaa on pelattu 119 kertaa
    113 viimeisimmän päivityksen jälkeen
  • Keskiarvotulos 18 / 29
Vastaustilastot
Hint Vastaus % Oikein
Hammaslääketiede Tutkii purentaelimen, hampaiston, suun ja leukojen anatomiaa ja fysiologiaa ja lisäksi suusairauksien, vammojen ja kehityshäiriöiden etiologiaa, diagnosointia ja hoitoa.
83%
Gynekologia Tutkii ja hoitaa naisen sukupuolielimiä.
82%
Kardiologia On sydämen ja verenkiertoelimistön toimintaa ja sairauksia tutkiva lääketieteen ala.
78%
Oikeuspsykiatria Tutkii syyntakeisuutta ja psykiatristen häiriöiden suhdetta rikollisuuteen.
78%
Plastiikkakirurgia Korjaavat ulkomuotoon ja toimintaan liittyviä häiriöitä.
77%
Verisuonikirurgia Hoitavat valtimoiden ja laskimoiden invasiivisesti hoidettavia sairauksia.
75%
Yleislääketiede Terveydenhuollon moniosaaja, jonka puoleen voi kääntyä lähes minkä tahansa terveysongelman tai -huolen kanssa.
75%
Psykiatria Tutkii, hoitaa ja kuntouttaa mielenterveyden häiriöitä sairastavia potilaita.
75%
Infektiosairaudet Hoitaa vaikeimpia infektiosairauksia ja ohjaa infektiopotilaiden hoitoa muiden erikoisalojen osastoilla.
74%
Anestesiologia ja tehohoito Vastaavat operatiivisten alojen tarvitsemista anestesiapalveluista, kuten nukutuksista, sedaatioista ja puudutuksista.
72%
Geriatria Keskittyy ikääntymiseen ja ikäihmisten kokonaisvaltaiseen hoitoon.
71%
Urologia Tutkii ja hoitaa virtsanerityselimistöä
68%
Ortopedia ja traumatologia Erikoisala on keskittynyt tuki- ja liikuntaelinsairauksien (TULES) sekä tapaturmien kirurgiseen hoitoon.
66%
Neurologia Tutkii, hoitaa ja kuntouttaa keskus- ja ääreishermoston sekä lihasten sairauksia.
66%
Patologia Tutkii pääsääntöisesti elävien potilaiden kudos- ja solunäytteitä.
63%
Dermatologia Tutkii ja hoitaa ihon sairauksia.
62%
Gastroenterologinen kirurgia Hoitavat vatsaontelon elinten sairauksia avo- tai tähystyskirurgisin menetelmin.
60%
Reumatologia On tuki- ja liikuntaelinten, sidekudoksen ja siihen rajoittuvien pehmytosakudosten toimintaa ja sairauksia tutkiva lääketieteen ala.
57%
Hematologia Tutkii ja hoitaa veren sairauksia.
57%
Endokrinologia Hoitaa hormonia tuottavien elinten sairauksia.
55%
Kliininen farmakologia Osaa toteuttaa kliinisiä lääketutkimuksia ja tulkita niiden tuloksia, ymmärtää järkevän lääkehoidon toteutuksen
54%
Radiologia Toiminta-alueena on lääketieteellinen kuvantaminen ja kuvantaohjattu hoito.
54%
Foniatria Puheen ja kielen kehityksen häiriöiden sekä äänen ja nielemisen häiriöiden tutkimisen ja diagnosoimisen erikoisala.
52%
Nefrologia Munuaisten rakennetta ja toimintaa tutkiva lääketieteen ala
49%
Fysiatria Tutkii ja hoitaa tuki- ja liikuntaelimistön sairauksia, vammoja ja niiden jälkitiloja sekä arvioi ja suunnittelee lääkinnällistä ja ammatillista kuntoutusta.
49%
Onkologia Suunnittelee lääke- ja sädehoitoja sekä hoitaa hoidoista ja taudista aiheutuvia komplikaatioita.
43%
Otorinolaryngologia Lääketieteen osa-alue, joka tutkii ja hoitaa korva-, nenä- ja kurkkutauteja.
35%
Gastroenterologia Maha-suolikanavan sairauksien hoitoon perehtynyt
34%
Obstetriikka Lääketieteen osa-alue, joka käsittää raskauteen, synnytykseen ja lapsivuoteuteen kuuluvia lääketieteellisiä seikkoja.
32%
Ehtoja vastaavia visoja ei löytynyt
Tulosjakauma
Jokaisen tuloksen saaneiden osuus
Persentiili vastausten määrän mukaan
Tuloshistoriasi
Et ole pelannut tätä visaa sen viimeisimmän päivityksen jälkeen